| 000 | 00813cam a22002291 4500 | ||
|---|---|---|---|
| 001 | gs 16000499 | ||
| 003 | DLC | ||
| 005 | 20260227111319.0 | ||
| 008 | 891014s1916 ag 000 0 spa | ||
| 010 | _ags 16000499 | ||
| 035 | _a(OCoLC)20493418 | ||
| 040 |
_aDLC _cCU _dCU _dDLC |
||
| 042 | _apremarc | ||
| 050 | 0 | 0 |
_aQE231 _b.A3 no. 13 |
| 100 | 1 | _aRassmuss, Juan. | |
| 245 | 0 | 0 |
_aRasgos geológicos generales de las sierras pampeanas, _cpor el doctor J. Rassmuss ... |
| 260 |
_aBuenos Aires, _bTalleres gráficos del Ministerio de agricultura de la nación, _c1916. |
||
| 300 |
_a18 p. _c27 cm. |
||
| 410 | 1 | 0 |
_aArgentina. _bDirección General de Minas y Geología. _tBoletin _vno. 13. ser. B. (Geologia) |
| 500 | _aAt head of title: Ministerio de agricultura de la nación. | ||
| 650 | 0 |
_aGeology _zArgentina. |
|
| 999 |
_c25686 _d25686 |
||